000 00433nam a2200181Ia 4500
005 20250603144603.0
008 250603s9999 xx 000 0 und d
020 _a9789780589998
050 _aHV 6433 .N6 .S54/
100 _aShehu, Y. Abdullahi
245 0 _aBoko Haram
260 _aAbuja
260 _bNational Open University of Nigeria
260 _c2024
300 _axii, 669p.: ill.
650 _aAbuja
942 _cBK
999 _c39365
_d39365